000 00586nam a2200193Ia 4500
003 GCL
005 20240530104212.0
008 140319s9999 xx 000 0 ara d
040 _aGCL /
_cGCL
082 0 4 _a301.32
_bف د
100 1 _aفتحى محمد ابوعيانة
245 1 0 _aدراسات فى علم السكان /
_cفتحى محمد ابوعيانة
260 _aبيروت :
_bدار النهضة العربية ،
_c1985
300 _a362 ص ؛
_c24 سم
650 0 4 _aالمجتمع
650 0 4 _aالسكان
650 0 4 _aالسكان - علم
942 _2ddc
_cBK
999 _c45442
_d45442